000 00954nam a2200265 a 4500
001 000007404
005 20200929154146.0
008 090908s1996 mx 001 0 spa d
020 _a9688806285
040 _aDO-SdBNP
082 _a540
_bB9671, 1996
100 1 _aBurns, Ralph A.
_920571
240 1 0 _aFundamentals of chemistry
_linglés
245 1 0 _aFundamentos de química /
_cRalph A. Burns ; participación especial John W. Hill ; traducción Héctor Escalona y García ; revisor técnico María del Consuelo Hidalgo.
250 _a2a ed
260 _aMéxico :
_bXalco,
_c1996.
300 _a664 p. :
_bil. ;
_c25 cm.
650 4 _aQuímica
_xEstudio y enseñanza
_920572
650 4 _aQuímica
_xProblemas, ejercicios, etc.
_920573
700 1 _aHill, John W.
_920574
700 1 _aEscalona y García, Héctor,
_etr.
_920575
700 _aHidalgo, María del Consuelo
_920576
910 _aValidado. Control de calidad BNPHU
049 _aBNPD
999 _c7185
_d7185